[Event "Verden op-A"]
[Site "Verden"]
[Date "2023.01.07"]
[Round "5"]
[White "Moerz, Simon"]
[Black "Rossberg, Jonathan"]
[Result "1-0"]
[WhiteElo "1741"]
[BlackElo "1839"]
[PlyCount "123"]
[EventDate "2023.01.05"]
[EventType "swiss"]
[EventRounds "7"]
[EventCountry "GER"]
[SourceTitle "CBM 212 Extra"]
[Source "ChessBase"]
[SourceDate "2023.03.31"]
[SourceVersion "1"]
[SourceVersionDate "2023.03.31"]
[SourceQuality "1"]

1. e4 c5 2. Nf3 e6 3. g3 Nc6 4. Bg2 Qc7 5. 0-0 Nf6 6. Re1 d6 7. d4 cxd4 8. Nxd4 a6 9. c4 Be7 10. Nc3 0-0 11. b3 Nd7 12. Be3 Bf6 13. Rc1 g6 14. Ncb5 axb5 15. cxb5 Bxd4 16. Bxd4 e5 17. Be3 Rxa2 18. bxc6 bxc6 19. Bh6 Re8 20. Qf3 c5 21. Bh3 Qd8 22. b4 Qf6 23. Qe3 Qe7 24. Bg5 f6 25. Bh6 Nf8 26. Bf1 Be6 27. bxc5 dxc5 28. Rxc5 Bf7 29. Bxf8 Rxf8 30. Rec1 Rd8 31. Rc7 Rd7 32. Qb6 Rad2 33. Rc8+ Kg7 34. Kg2 Rb7 35. Qc6 Rbb2 36. Rc7 Rxf2+ 37. Kg1 Qd8 38. Rd7 Qe8 39. Qd6 Qa8 40. Rxf7+ Kxf7 41. Rc7+ Kg8 42. Qe6+ Kh8 43. Rc8+ Qxc8 44. Qxc8+ Kg7 45. Qd7+ Kh6 46. Qh3+ Kg7 47. Qd7+ Kh6 48. Qh3+ Kg7 49. Qe6 Rf3 50. Qd7+ Kh6 51. Qg4 Rc3 52. Qd1 Rcc2 53. h4 Rc3 54. Kh1 Rbb3 55. Qd2+ Kg7 56. Qd7+ Kf8 57. Qd6+ Kg7 58. Qe7+ Kh6 59. Qf8+ Kh5 60. Be2+ Rf3 61. Qxf6 Kg4 62. Kg2 1-0

[Event "Verden op-A"]
[Site "Verden"]
[Date "2023.01.06"]
[Round "4"]
[White "Klages, Hans Juergen"]
[Black "Moerz, Simon"]
[Result "1-0"]
[WhiteElo "2034"]
[BlackElo "1741"]
[PlyCount "50"]
[EventDate "2023.01.05"]
[EventType "swiss"]
[EventRounds "7"]
[EventCountry "GER"]
[SourceTitle "CBM 212 Extra"]
[Source "ChessBase"]
[SourceDate "2023.03.31"]
[SourceVersion "1"]
[SourceVersionDate "2023.03.31"]
[SourceQuality "1"]

1. d4 Nf6 2. g3 d5 3. Bg2 Bf5 4. Nf3 h6 5. 0-0 e6 6. c4 dxc4 7. Nc3 Be7 8. Ne5 c6 9. e4 Bh7 10. Nxc4 0-0 11. a4 a5 12. Be3 Na6 13. d5 exd5 14. exd5 cxd5 15. Nb6 Rb8 16. Nbxd5 Nxd5 17. Nxd5 Bc5 18. Re1 Re8 19. Qd2 Rxe3 20. Rxe3 Bxe3 21. Qxe3 b6 22. Ne7+ Kf8 23. Nc6 Qf6 24. Nxb8 Qxb2 25. Re1 Nxb8 1-0

[Event "Niedersachsen-ch op C"]
[Site "Verden"]
[Date "2019.01.04"]
[Round "4"]
[White "Esche, Frieder"]
[Black "Moerz, Simon"]
[Result "0-1"]
[WhiteElo "1447"]
[BlackElo "1288"]
[PlyCount "70"]
[EventDate "2019.01.03"]
[EventType "swiss"]
[EventRounds "7"]
[EventCountry "GER"]
[SourceTitle "EXT 2022"]
[Source "ChessBase"]
[SourceDate "2021.10.06"]
[SourceVersion "1"]
[SourceVersionDate "2021.10.06"]
[SourceQuality "1"]

1. e4 c5 2. d4 cxd4 3. c3 Nf6 4. e5 Nd5 5. cxd4 d6 6. Nf3 Bg4 7. Qb3 Bxf3 8. Qxf3 e6 9. Bc4 Nc6 10. Qd1 dxe5 11. 0-0 exd4 12. Bb5 Bc5 13. Nd2 Nc7 14. Bxc6+ bxc6 15. Nf3 0-0 16. Qc2 Qd5 17. Rd1 f6 18. b4 Bb6 19. Bb2 e5 20. a4 a5 21. Ba3 Rfc8 22. Nd2 axb4 23. Bxb4 Ba5 24. Bxa5 Rxa5 25. Nb3 Ra7 26. Rd3 Ne6 27. Rh3 e4 28. Nd2 d3 29. Qd1 c5 30. Qg4 f5 31. Qh4 Nf8 32. Qg3 c4 33. Qe3 Rac7 34. Rb1 c3 35. Rb5 cxd2 0-1